000 00244 a2200109 4500
001 68604
040 _cAnchieta - Itaigara
240 1 0 _aO Nilo, rio dos deuses
_l
245 1 0 _aO Nilo, rio dos deuses
650 4 _aGeografia e viagens
942 _cMX
999 _c68604
_d68604